00595nam a2200181Ia 450000500170000000800410001702000150005808200130007310000350008624500770012126000590019830000120025765000190026965000090028894200060029795200950030399900150039820240530071027.0240331s9999 xx 000 0 und d a9555800695 bKARa341 aKarunaratatna , Favero Rossana 0aSudu :ba reflection on the legal status of foreign spouses in Sri Lanka aColombobInternational Centre for Ethnic Studiesc2002 a60 p ., aWomen's Rights aLaws cL 001040708LaWERCLbWERCLcSSCd2024-03-31l0o 341 KARp6569r2024-03-31w2024-03-31yL c4957d4957